Catálogo

[TERCER] 3er COLOQUIO DEL SEMINARIO DE ESTUDIO DEL : (Registro nro. 22104)

Detalles MARC
000 -LEADER
fixed length control field 00542nam a2200169 a 4500
001 - CONTROL NUMBER
control field 22104
005 - DATE AND TIME OF LATEST TRANSACTION
control field 20180713215945.0
008 - FIXED-LENGTH DATA ELEMENTS--GENERAL INFORMATION
fixed length control field 140415s1997 000 0 spa d
020 ## - INTERNATIONAL STANDARD BOOK NUMBER
International Standard Book Number 9683659772
041 ## - LANGUAGE CODE
Language code of text/sound track or separate title spa
082 ## - DEWEY DECIMAL CLASSIFICATION NUMBER
Classification number 731.76
Item number TER
245 00 - TITLE STATEMENT
Title [TERCER] 3er COLOQUIO DEL SEMINARIO DE ESTUDIO DEL :
Remainder of title PATRIMONIO ARTISTICO, CONSERVACION, RESTAURACION Y DE...
260 ## - PUBLICATION, DISTRIBUTION, ETC.
Place of publication, distribution, etc. [s.l.] :
Name of publisher, distributor, etc. UNAM,
Date of publication, distribution, etc. 1997
300 ## - PHYSICAL DESCRIPTION
Extent 147
490 ## - SERIES STATEMENT
Series statement ESTUDIOS DE ARTE Y ESTETICA
Volume/sequential designation 44
650 14 - SUBJECT ADDED ENTRY--TOPICAL TERM
Topical term or geographic name entry element CONSERVACION Y RESTAURACION DE MONUMENTOS
Existencias
Withdrawn status Lost status Source of classification or shelving scheme Damaged status Not for loan Collection code Home library Current library Shelving location Date acquired Source of acquisition Inventory number Total Checkouts Full call number Barcode Date last seen Price effective from Koha item type
    Dewey Decimal Classification     General Biblioteca Karol Wojtyla Biblioteca Karol Wojtyla Sala general 03/12/2013 Compra 151000000000000000027056   731.76 TER 42553 05/01/2026 03/12/2013 Libro